00889 a2200169 4500003000500000005001700005010001700022020001500039040000900054082001600063100002100079245006800100260006300168300007100231505038200302650003500684Nust20220810113713.0 a 2003040506 a0131100807 cNust00a621.381,KLE1 aKleitz, William.10aDigital electronics with VHDL / (Include CD) cWilliam Kleitz. aUpper Saddle River, N.J. :bPearson/Prentice Hall,cc2004. axxiv, 936 p. :bill. (some col.) ;c29 cm. +e2 CD ROM (4 3/4 in.) aNumber System and Codes (Page-2), Digital Electronic Signal (Page-28), Basic Logic (Page-58), Programming logic Device (Page-104), Boolean Algebra (Page-144), Exclusive (Page-222), Logic Families and Their Characters (Page-360), Practical Consideration for Digital (Page-458), Shift Registers (Page-592), Interfacing to the analog (Page-678),The80510Microcontroller (Page-776). 0aTelecommunication Engineering.